Costa Rica: pronóstico económico CEFSA 1984 (revisión) y perfil económico para 1985

Furkejuvvon:
Bibliográfalaš dieđut
Searvvušdahkki: CEFSA
Materiálatiipa: Texto
Almmustuhtton: San José: CEFSA
Fáddágilkorat: Lasit fáddágilkoriid
Eai fáddágilkorat, Lasit vuosttaš fáddágilkora!

MARC

LEADER 00000 a a2200000 04500
001 24612
003
040
090 |a 177000  
110 |a CEFSA  
245 |a Costa Rica: pronóstico económico CEFSA 1984 (revisión) y perfil económico para 1985  
260 |a San José:   |b CEFSA  
300 |a 26 p.  
999 |c 11764  |d 11764